00317cam a22001097a 4500008004000000082001800040100001800058245005600076260003400132300001000166650003100176180718b1996 xxu||||| |||| 00| 0 eng d aA99/G151 K541 aKidwai, Anser aIndira Gandhi: charisma and crisiscby Anser Kidwai aNew DelhibSiddhi Booksc1996 a246p. aGandhi, Indira - Biography